000 00683cab a2200229 4500
001 ABS57186
008 090401t1997 xxu||||| |||| 00| 0 eng d
035 _a(Sirsi) u79283
041 _aeng
100 _aSherman, H.
245 _aWhat prospects for construction in Hong Kong`s future?
260 _c1997
350 _a0
490 _aContract Journal
_v389(6131) 25 June 1997, 12-13(2)
520 _aReports on future propects for British construction companies in Hong Kong after the handover to China.
650 _aCONSTRUCTION COMPANIES
650 _aHANDOVER
650 _aHONG KONG
690 _aOVERSEAS-REST OF THE WORLD
942 _n0
948 _c27/06/1997
999 _c49845
_d49845